000
00296nam a2200109Ia 4500
008
230907s9999||||xx |||||||||||||| ||und||
082
_a
620.11892
_b
BAR
100
_a
Barbero, Ever J.,
_9
55909
245
0
_a
Introduction to composite materials design /
300
_a
xxxv, 535 pages ;
942
_c
BK
999
_c
600816
_d
600816